000 00620nam a2200241Ia 4500
003 OSt
005 20221007111406.0
006 a|||||r|||| 00| 0
007 ta
008 221006b |||||||| |||| 00| 0 eng d
024 _a23,423
037 _cTextual
040 _aLCO
_cLCO
_beng
041 _2eng
_aeng
082 _aV2:2, L2
100 _aChaturvedi S.N
_9708312
245 0 _aConstitution History of India
260 _aAllahabad
_bCentral News Agency India
_c1972
300 _a214
650 _aCONSTITUTION
942 _hV2:2, L2
_cTEXL
999 _c1192986
_d1192986